<?xml version="1.0" encoding="UTF-8"?><marc:collection xmlns:marc="http://www.loc.gov/MARC21/slim">
  <marc:record>
    <marc:leader>02008nam#a2200529#c#4500</marc:leader>
    <marc:controlfield tag="001">990210277160206441</marc:controlfield>
    <marc:controlfield tag="003">DE-605</marc:controlfield>
    <marc:controlfield tag="005">20251113222642.0</marc:controlfield>
    <marc:controlfield tag="007">cr#|||||||||||</marc:controlfield>
    <marc:controlfield tag="008">160114|2014####gw #####o#####|||#|#ger#c</marc:controlfield>
    <marc:datafield tag="016" ind1="7" ind2=" ">
      <marc:subfield code="a">1075943347</marc:subfield>
      <marc:subfield code="2">OCoLC</marc:subfield>
    </marc:datafield>
    <marc:datafield tag="020" ind1=" " ind2=" ">
      <marc:subfield code="a">9783942816595</marc:subfield>
    </marc:datafield>
    <marc:datafield tag="024" ind1="7" ind2=" ">
      <marc:subfield code="a">urn:nbn:de:hbz:5:2-83084</marc:subfield>
      <marc:subfield code="2">urn</marc:subfield>
    </marc:datafield>
    <marc:datafield tag="024" ind1="7" ind2=" ">
      <marc:subfield code="a">10.4126/FRL01-006401931</marc:subfield>
      <marc:subfield code="2">doi</marc:subfield>
    </marc:datafield>
    <marc:datafield tag="028" ind1="5" ind2="2">
      <marc:subfield code="a">Bestellnummer: 16000166</marc:subfield>
    </marc:datafield>
    <marc:datafield tag="035" ind1=" " ind2=" ">
      <marc:subfield code="a">(DE-605)HT018856771</marc:subfield>
    </marc:datafield>
    <marc:datafield tag="035" ind1=" " ind2=" ">
      <marc:subfield code="a">(OCoLC)1075943347</marc:subfield>
    </marc:datafield>
    <marc:datafield tag="035" ind1=" " ind2=" ">
      <marc:subfield code="a">(DE-599)HBZHT018856771</marc:subfield>
    </marc:datafield>
    <marc:datafield tag="040" ind1=" " ind2=" ">
      <marc:subfield code="a">5</marc:subfield>
      <marc:subfield code="b">ger</marc:subfield>
      <marc:subfield code="c">DE-605</marc:subfield>
      <marc:subfield code="d">38 M</marc:subfield>
      <marc:subfield code="e">rda</marc:subfield>
    </marc:datafield>
    <marc:datafield tag="041" ind1=" " ind2=" ">
      <marc:subfield code="a">ger</marc:subfield>
    </marc:datafield>
    <marc:datafield tag="044" ind1=" " ind2=" ">
      <marc:subfield code="c">XA-DE</marc:subfield>
    </marc:datafield>
    <marc:datafield tag="049" ind1=" " ind2=" ">
      <marc:subfield code="a">DE-294</marc:subfield>
    </marc:datafield>
    <marc:datafield tag="049" ind1=" " ind2=" ">
      <marc:subfield code="a">DE-98</marc:subfield>
    </marc:datafield>
    <marc:datafield tag="049" ind1=" " ind2=" ">
      <marc:subfield code="a">DE-38M</marc:subfield>
    </marc:datafield>
    <marc:datafield tag="049" ind1=" " ind2=" ">
      <marc:subfield code="a">DE-5N</marc:subfield>
    </marc:datafield>
    <marc:datafield tag="049" ind1=" " ind2=" ">
      <marc:subfield code="a">DE-5</marc:subfield>
    </marc:datafield>
    <marc:datafield tag="100" ind1="1" ind2=" ">
      <marc:subfield code="a">Barth, Michael</marc:subfield>
      <marc:subfield code="4">aut</marc:subfield>
      <marc:subfield code="e">Verfasser</marc:subfield>
    </marc:datafield>
    <marc:datafield tag="245" ind1="1" ind2="0">
      <marc:subfield code="a">Kindermedizin und frühe Hilfen</marc:subfield>
      <marc:subfield code="b">Entwicklung und Evaluation des pädiatrischen Anhaltsbogens</marc:subfield>
      <marc:subfield code="c">im Auftrag des Nationalen Zentrums Frühe Hilfen ; Autor/Autorin: Michael Barth, Ilona Renner ; Redaktion: Ilona Renner</marc:subfield>
    </marc:datafield>
    <marc:datafield tag="250" ind1=" " ind2=" ">
      <marc:subfield code="a">Auflage: 1.5.11.14</marc:subfield>
    </marc:datafield>
    <marc:datafield tag="264" ind1=" " ind2="1">
      <marc:subfield code="a">Köln</marc:subfield>
      <marc:subfield code="b">Nationales Zentrum frühe Hilfen</marc:subfield>
      <marc:subfield code="c">[2014]</marc:subfield>
    </marc:datafield>
    <marc:datafield tag="300" ind1=" " ind2=" ">
      <marc:subfield code="a">1 Online-Ressource (22 Seiten)</marc:subfield>
      <marc:subfield code="b">Diagramme</marc:subfield>
    </marc:datafield>
    <marc:datafield tag="336" ind1=" " ind2=" ">
      <marc:subfield code="a">Text</marc:subfield>
      <marc:subfield code="b">txt</marc:subfield>
      <marc:subfield code="2">rdacontent</marc:subfield>
    </marc:datafield>
    <marc:datafield tag="337" ind1=" " ind2=" ">
      <marc:subfield code="a">Computer</marc:subfield>
      <marc:subfield code="b">c</marc:subfield>
      <marc:subfield code="2">rdamedia</marc:subfield>
    </marc:datafield>
    <marc:datafield tag="338" ind1=" " ind2=" ">
      <marc:subfield code="a">Online-Ressource</marc:subfield>
      <marc:subfield code="b">cr</marc:subfield>
      <marc:subfield code="2">rdacarrier</marc:subfield>
    </marc:datafield>
    <marc:datafield tag="347" ind1=" " ind2=" ">
      <marc:subfield code="a">Textdatei</marc:subfield>
      <marc:subfield code="b">PDF</marc:subfield>
    </marc:datafield>
    <marc:datafield tag="490" ind1="0" ind2=" ">
      <marc:subfield code="a">Kompakt</marc:subfield>
    </marc:datafield>
    <marc:datafield tag="700" ind1="1" ind2=" ">
      <marc:subfield code="a">Renner, Ilona</marc:subfield>
      <marc:subfield code="4">aut</marc:subfield>
      <marc:subfield code="4">edt</marc:subfield>
      <marc:subfield code="e">Herausgeber</marc:subfield>
      <marc:subfield code="e">Verfasser</marc:subfield>
    </marc:datafield>
    <marc:datafield tag="710" ind1="2" ind2=" ">
      <marc:subfield code="a">Nationales Zentrum Frühe Hilfen</marc:subfield>
      <marc:subfield code="0">(DE-588)16011677-6</marc:subfield>
      <marc:subfield code="4">isb</marc:subfield>
      <marc:subfield code="e">Herausgebendes Organ</marc:subfield>
    </marc:datafield>
    <marc:datafield tag="856" ind1="4" ind2="1">
      <marc:subfield code="u">https://nbn-resolving.org/urn:nbn:de:hbz:5:2-83084</marc:subfield>
      <marc:subfield code="x">Resolving-System</marc:subfield>
      <marc:subfield code="z">kostenfrei</marc:subfield>
      <marc:subfield code="3">Volltext</marc:subfield>
    </marc:datafield>
    <marc:datafield tag="856" ind1="4" ind2="0">
      <marc:subfield code="u">https://repository.publisso.de/resource/frl:6401931</marc:subfield>
      <marc:subfield code="3">Volltext</marc:subfield>
      <marc:subfield code="x">Archivierte Online-Ressource</marc:subfield>
    </marc:datafield>
    <marc:datafield tag="924" ind1="1" ind2=" ">
      <marc:subfield code="a">990210277160206441</marc:subfield>
      <marc:subfield code="b">DE-294</marc:subfield>
      <marc:subfield code="c">NRW</marc:subfield>
      <marc:subfield code="d">d</marc:subfield>
    </marc:datafield>
    <marc:datafield tag="924" ind1="1" ind2=" ">
      <marc:subfield code="a">990210277160206441</marc:subfield>
      <marc:subfield code="b">DE-98</marc:subfield>
      <marc:subfield code="c">NRW</marc:subfield>
      <marc:subfield code="d">d</marc:subfield>
    </marc:datafield>
    <marc:datafield tag="924" ind1="1" ind2=" ">
      <marc:subfield code="a">990210277160206441</marc:subfield>
      <marc:subfield code="b">DE-38M</marc:subfield>
      <marc:subfield code="c">NRW</marc:subfield>
      <marc:subfield code="d">d</marc:subfield>
    </marc:datafield>
    <marc:datafield tag="924" ind1="1" ind2=" ">
      <marc:subfield code="a">990210277160206441</marc:subfield>
      <marc:subfield code="b">DE-5N</marc:subfield>
      <marc:subfield code="c">NRW</marc:subfield>
      <marc:subfield code="d">d</marc:subfield>
    </marc:datafield>
    <marc:datafield tag="924" ind1="1" ind2=" ">
      <marc:subfield code="a">990210277160206441</marc:subfield>
      <marc:subfield code="b">DE-5</marc:subfield>
      <marc:subfield code="c">NRW</marc:subfield>
      <marc:subfield code="d">d</marc:subfield>
    </marc:datafield>
    <marc:datafield tag="960" ind1="1" ind2=" ">
      <marc:subfield code="i">iall</marc:subfield>
    </marc:datafield>
    <marc:datafield tag="960" ind1="1" ind2=" ">
      <marc:subfield code="r">epfl-5</marc:subfield>
      <marc:subfield code="r">38 M: ellinet; GND: (DE-588)16011677-6</marc:subfield>
    </marc:datafield>
  </marc:record>
</marc:collection>
